| 000 | 00388nam a22001337a 4500 | ||
|---|---|---|---|
| 082 | _a347.7 ALT | ||
| 100 | _aAltaf, Raja Muhammad | ||
| 245 |
_aArt of Advocasy & Cross Examination / _cRaja Muhammad Altaf |
||
| 260 |
_aRawalpindi : _bFederal Law House, _cN.A. |
||
| 300 |
_a672 p. ; _c24 cm. |
||
| 942 |
_2ddc _cBK |
||
| 999 |
_c587009 _d587009 |
||